| 000 | 00505cam a2200205 4500 | ||
|---|---|---|---|
| 001 | D6360 | ||
| 008 | 090401t1980 xxu||||| |||| 00| 0 eng d | ||
| 035 | _a(Sirsi) u388 | ||
| 041 | _aeng | ||
| 050 | _a690 | ||
| 100 | _aKing, H. | ||
| 245 | _aBuilding techniques. Volume 2: Services, revised by J.C. Sanson | ||
| 260 |
_aLondon _bChapman and Hall _c1980 |
||
| 300 | _axiv. 141p. 22cm | ||
| 350 | _a4.5 | ||
| 490 | _aScience Paperbacks | ||
| 700 | _aNield, D. | ||
| 942 | _n0 | ||
| 948 | _c04/03/1997 | ||
| 999 |
_c85546 _d85546 |
||